| 000 | 01248nam0a22002891 4500 | ||
|---|---|---|---|
| 001 | v19\rc\1698502 | ||
| 005 | 20260406162659.0 | ||
| 035 | _a(NLR Aleph) 005245070 | ||
| 090 |
_a5745099 _c5745099 |
||
| 100 | _a20061002d1898 |||y0rusy50 ca | ||
| 101 | 1 |
_arus _cfre |
|
| 102 | _aRU | ||
| 105 | _ay z |||a| | ||
| 200 | 1 |
_aАмериканка _e(L'étrangère) _eКомедия в 5 д. _fСоч. А. Дюма _gПер. с фр. г.г. Ф. Гриднина и Н. Самойлова |
|
| 210 |
_aМосква _cлит. Моск. театр. б-ки С.Ф. Рассохина _dценз. 1898 |
||
| 215 |
_a156 с. _d22 |
||
| 309 | _aНаписано от руки. Литогр. | ||
| 700 | 1 |
_8rus _7ca _aДюма _bА. _cсын _f1824-1895 _gАлександр _3RU\NLR\AUTH\779599 _9119419 |
|
| 702 | 1 |
_aГриднин _bФ.Д. _f1846-1916 _gФедор Дмитриевич _4730 |
|
| 702 | 1 |
_4730 _8rus _7ca _aСамойлов _bН. В. _cдраматург _f-1897 _gНиколай Васильевич _3RU\NLR\AUTH\7782105 _965033 |
|
| 801 | 0 |
_aRU _bNLR _c20061002 _gpsbo |
|
| 801 | 0 |
_aRU _bRuMoRGB _c20061002 _2psbo |
|
| 801 | 1 |
_aRU _bProSoft-M _c20061002 _2rusmarc |
|
| 801 | 2 |
_aRU _bNLR _c20091103 _2rusmarc |
|
| 852 |
_aNLR _j18.288.3.270 |
||
| 942 | _cBOOK | ||
| 980 | _aNB | ||